000 00622nam a2200181 a 4500
001 000023183
005 20200930022037.0
008 101130s1973 mx r 000 0 spa d
040 _aDO-SdBNP
_bspa
_cBNPHU
082 _aNNNN
_bP933
245 0 3 _aEl presente y el futuro de las empresas norteamericanas /
_cEditado por Doctor Louis T. Rader.
260 _aMéxico :
_bRoble,
_c1973.
300 _a372 p. ;
_c22 cm.
534 _pTítulo de la obra original en inglés:
_tAmerican Business today and tomorrow.
740 1 _aAmerican Business today and tomorrow.
700 1 _aRader, Louis T.,
_eed.
_947730
049 _aBNGR
999 _c22680
_d22680